España ante los impactos recientes sobre las cadenas de valor globales y la integración comercial internacional / (Record no. 196839)
[ view plain ]
| 000 -LEADER | |
|---|---|
| campo de control de longitud fija | 01390nam a2200337 i 4500 |
| 001 - NÚMERO DE CONTROL | |
| campo de control | 196839 |
| 003 - IDENTIFICADOR DE NÚMERO DE CONTROL | |
| campo de control | ES-MaACL |
| 005 - FECHA Y HORA DE LA ÚLTIMA TRANSACCIÓN | |
| campo de control | 20250803063110.0 |
| 008 - DATOS DE LONGITUD FIJA--INFORMACIÓN GENERAL | |
| campo de control de longitud fija | 250103b2024 sp ||||| |||| 00| 0 spa d |
| 017 ## - NÚMERO DE COPYRIGHT O DE DEPÓSITO LEGAL | |
| Número de copyright o de depósito legal | BI 01082-2024 |
| Agencia que asigna | Oficina Depósito Legal Vizcaya |
| 020 ## - NÚMERO INTERNACIONAL ESTÁNDAR DEL LIBRO | |
| Número Internacional Estándar del Libro | 9788419751003 |
| 040 ## - FUENTE DE CATALOGACIÓN | |
| Lengua de catalogación | spa |
| Centro/agencia transcriptor | ES-MaACL |
| 080 ## - NÚMERO DE LA CLASIFICACIÓN DECIMAL UNIVERSAL | |
| Identificador de la edición | 658.53(460) |
| 080 ## - NÚMERO DE LA CLASIFICACIÓN DECIMAL UNIVERSAL | |
| Identificador de la edición | 658.011(460) |
| 080 ## - NÚMERO DE LA CLASIFICACIÓN DECIMAL UNIVERSAL | |
| Identificador de la edición | 339.92(460) |
| 100 1# - ENTRADA PRINCIPAL--NOMBRE DE PERSONA | |
| 9 (RLIN) | 152139 |
| Nombre de persona | Solaz Alamá, Marta |
| Término indicativo de función/relación | Autor |
| 245 1# - MENCIÓN DEL TÍTULO | |
| Título | España ante los impactos recientes sobre las cadenas de valor globales y la integración comercial internacional / |
| Mención de responsabilidad, etc. | Marta Solaz Alamà, Eva Benages Candau, Miguel Ángel Casquet Cano ; dirigido por Francisco Pérez García e Iván Arribas Fernández. |
| 250 ## - MENCION DE EDICION | |
| Mención de edición | Primera edición : julio 2024 |
| 260 ## - PUBLICACIÓN, DISTRIBUCIÓN, ETC. | |
| Lugar de publicación, distribución, etc. | Bilbao : |
| Nombre del editor, distribuidor, etc. | Fundación BBVA, |
| Fecha de publicación, distribución, etc. | 2024. |
| 300 ## - DESCRIPCIÓN FÍSICA | |
| Extensión | 255 páginas ; |
| Dimensiones | 24 cm |
| 336 ## - TIPO DE CONTENIDO | |
| Fuente | rdacontent |
| Término de tipo de contenido | texto |
| 337 ## - TIPO DE MEDIO | |
| Fuente | rdamedia |
| Nombre/término del tipo de medio | sin mediación |
| 338 ## - TIPO DE SOPORTE | |
| Fuente | rdacarrier |
| Nombre/término del tipo de soporte | volumen |
| 700 ## - ENTRADA AGREGADA--NOMBRE PERSONAL | |
| 9 (RLIN) | 145894 |
| Nombre de persona | Benages Candau, Eva |
| Término indicativo de función/relación | Autor |
| 700 1# - ENTRADA AGREGADA--NOMBRE PERSONAL | |
| Nombre de persona | Casquet Cano, Miguel Ángel |
| Término indicativo de función/relación | Autor |
| 9 (RLIN) | 241526 |
| 852 ## - LOCALIZACIÓN | |
| Ubicación | ES-MaACL |
| Ubicación en estantería | Depósito J |
| Número de control de estantería | N-10317 |
| Encuadernación | Encuadernación rústica con solapas |
| itemnumber | 206439 |
| Donativo/Legado | Donación: Editorial |
| 942 ## - ELEMENTOS DE ENTRADA SECUNDARIOS (KOHA) | |
| Tipo de ítem Koha | Libro impreso |
| Suprimir en OPAC | No |
| Estatus retirado | Estado de pérdida | Fuente del sistema de clasificación o colocación | Estado de daño | No para préstamo | Biblioteca de origen | Biblioteca actual | Ubicación en estantería | Fecha de adquisición | Fuente de adquisición | Total de préstamos | Signatura topográfica completa | Código de barras | Visto por última vez | Precio de reemplazo | Tipo de ítem Koha |
|---|---|---|---|---|---|---|---|---|---|---|---|---|---|---|---|
| Clasificación decimal universal | Biblioteca del Ateneo de Madrid | Biblioteca del Ateneo de Madrid | Depósito J | 01/08/2025 | Donación | N-10317 | 2025-0822 | 01/08/2025 | 01/08/2025 | Libro impreso |
